02947nam a2200325 i 4500003001000000005001700010007000300027008004100030020001900071040003500090041000800125082002200133100005100155245010200206250005800308264005500366300007300421336002900494337003300523338002800556490007500584500004400659504002700703505033000730520124601060521004202306650009402348650009902442650008002541CO-BoRNBP20250228103807.0ta231206s2023 ck o|||er ||| 001 1 spa d a9789585305243  aCO-BoRNBPbspaerdacCO-BoRNBP0 aspa04a305.8 bC17p 1 aCásseres Estrada, Solmery,d1963- , eautora10aPalenque de San Basilio bcostumbres y tradiciones ancestrales Tomo IcSolmery Cásseres Estrada aEdición especial para el Ministerio de las Culturas 1aBogotá, ColombiabAmbientes de Aprendizajec2023 a208 páginasbilustraciones y fotografías a blanco y negroc22 cm atextobtxt2rdacontenido asin mediaciónbn2rdamedio avolumenbnc2rdasoporte aPlan Nacional de Lectura, Escritura y Oralidad / Ministerio de Cultura aIncluye datos curriculares de la autora aIncluye bibliografía1 tReseña histórica de Palenque de San BasiliotAspecto económico: pérdida de las tierras del Bajo GrandetEl Kuagro, reseña históricatEl velorio en la comunidad palenquera y sus costumbrestLa familiatLa infancia y la niñez en la comunidad palenquera tLengua palenquetAspectos religiosostEl boxeo en Palenque3 aHoy en pleno siglo XXI, la licenciada Solmery Casseres Estrada, se ha convertido en una fiel defensora de las costumbres y tradiciones que adquirió desde niña en su pueblo natal, Palenque de San Basilio, escuchando noche tras noche las historias, cuentos, mi- tos y leyendas narradas por sus abuelos, que la enriquecieron de conocimientos, que hoy plasma en sus escritos, como una manera de rescatar y fortalecer sus verdaderas raíces ancestrales de origen africano, que le ha permitido continuar la siembra de esa semilla libertaria, forjando así el camino para que las nuevas generaciones transiten con paso firme en medio de ella. Cada una de esas costumbres y tradiciones de carácter identitario ha permitido la estabilidad y el reconocimiento de Palenque de San Basilio a través de la historia como el resultado de la lucha que sostuvieron los cimarrones para alcanzar su libertad, defender y proteger sus diversidad étnica y cultural, sus derechos e ideales, su participación activa en las tomas de decisiones políticas, eco- nómicas, sociales, culturales y religiosas en el país, y rescatar sus nombres, apellidos, sus orishas, para obtener una calidad de vida digna y que fueran reconocidos como seres humanos. aRecomendado para un público adulto.17aNegros xVida Social y costumbreszSan Basilio de Palenque (Bolívar, Colombia) 2ARMARC17aAfrocolombianos xCondiciones socialeszSan Basilio de Palenque (Bolívar, Colombia) 2ARMARC17aIdentidad cultural zSan Basilio de Palenque (Bolívar, Colombia) 2ARMARC